[Event "Sachsen-Anhalt Landesliga-B 1920"]
[Site "Sachsen Anhalt"]
[Date "2019.09.29"]
[Round "1.4"]
[White "Reichelt, Holger"]
[Black "Wiegand, Ronny"]
[Result "1/2-1/2"]
[WhiteElo "1777"]
[BlackElo "1726"]
[PlyCount "26"]
[EventDate "2019.09.29"]
[EventType "team-tourn"]
[EventRounds "9"]
[EventCountry "GER"]
[SourceTitle "EXT 2023"]
[Source "ChessBase"]
[SourceDate "2022.10.05"]
[SourceVersion "1"]
[SourceVersionDate "2022.10.05"]
[SourceQuality "1"]
[WhiteTeam "Naumburg II"]
[BlackTeam "Merseburg II"]
[WhiteTeamCountry "GER"]
[BlackTeamCountry "GER"]

1. d4 Nf6 2. Nf3 g6 3. g3 Bg7 4. Bg2 0-0 5. 0-0 d6 6. Nbd2 c6 7. c3 Nbd7 8. e4 c5 9. Re1 cxd4 10. cxd4 Nb6 11. b3 Bg4 12. h3 Bxf3 13. Nxf3 Re8 1/2-1/2

[Event "Oberliga Ost-B 1819"]
[Site "Germany"]
[Date "2018.11.11"]
[Round "3.8"]
[White "Reichelt, Holger"]
[Black "Drebes, Guenter"]
[Result "1/2-1/2"]
[WhiteElo "1822"]
[BlackElo "2018"]
[PlyCount "24"]
[EventDate "2018.10.21"]
[EventType "team-tourn"]
[EventRounds "11"]
[EventCountry "GER"]
[SourceTitle "EXT 2020"]
[Source "ChessBase"]
[SourceDate "2019.10.17"]
[SourceVersion "1"]
[SourceVersionDate "2019.10.17"]
[SourceQuality "1"]
[WhiteTeam "Naumburg"]
[BlackTeam "Schoeneck"]
[WhiteTeamCountry "GER"]
[BlackTeamCountry "GER"]

1. d4 Nf6 2. Nf3 g6 3. g3 Bg7 4. Bg2 0-0 5. 0-0 d6 6. Nbd2 c6 7. e4 Qc7 8. c3 e5 9. dxe5 dxe5 10. Qc2 Bg4 11. h3 Bxf3 12. Nxf3 Nbd7 1/2-1/2

[Event "GER-ch49 V03 email"]
[Site "GER email"]
[Date "2017.04.03"]
[Round "?"]
[White "Franke, Heiko"]
[Black "Reichelt, Holger"]
[Result "1/2-1/2"]
[WhiteElo "2377"]
[BlackElo "2215"]
[PlyCount "71"]
[EventDate "2017.??.??"]
[EventType "tourn (corr)"]
[EventRounds "10"]
[EventCountry "GER"]
[SourceTitle "Corr 2020"]
[Source "ChessBase"]
[SourceDate "2019.09.30"]
[SourceVersion "1"]
[SourceVersionDate "2019.09.30"]
[SourceQuality "1"]

1. d4 Nf6 2. c4 e6 3. g3 Bb4+ 4. Bd2 Be7 5. Bg2 d5 6. Nf3 0-0 7. 0-0 c6 8. Qc2 b6 9. b3 Bb7 10. Rd1 dxc4 11. bxc4 c5 12. dxc5 Qc8 13. cxb6 axb6 14. Qb3 Ne4 15. Be3 Nd7 16. Bd4 Nd6 17. Nc3 Nf5 18. Rac1 Ra3 19. Qb2 Nxd4 20. Nxd4 Bxg2 21. Kxg2 Ra5 22. Nb3 Ba3 23. Qb1 Ra8 24. Rc2 Ne5 25. Kg1 Be7 26. Nd2 Qc6 27. Qb5 Qxb5 28. Nxb5 Rfd8 29. Rb1 g5 30. Kg2 Kg7 31. h3 h5 32. Nf3 Nxf3 33. Kxf3 Bc5 34. e3 Ra4 35. g4 Kg6 36. Rbb2 1/2-1/2

[Event "GER-ch49 V03 email"]
[Site "GER email"]
[Date "2017.04.03"]
[Round "?"]
[White "Koentges, Markus"]
[Black "Reichelt, Holger"]
[Result "1/2-1/2"]
[WhiteElo "2378"]
[BlackElo "2215"]
[PlyCount "51"]
[EventDate "2017.??.??"]
[EventType "tourn (corr)"]
[EventRounds "10"]
[EventCountry "GER"]
[SourceTitle "Corr 2020"]
[Source "ChessBase"]
[SourceDate "2019.09.30"]
[SourceVersion "1"]
[SourceVersionDate "2019.09.30"]
[SourceQuality "1"]

1. e4 e5 2. Nf3 Nc6 3. Bb5 Nf6 4. d3 Bc5 5. c3 0-0 6. 0-0 d6 7. Nbd2 Ne7 8. d4 exd4 9. cxd4 Bb6 10. h3 c6 11. Bd3 Ng6 12. Re1 d5 13. e5 Nh5 14. Nb3 Nhf4 15. Bxf4 Nxf4 16. Qd2 Ne6 17. Bf5 Nc7 18. Bxc8 Qxc8 19. Rac1 a5 20. Nc5 Ne6 21. Nxe6 fxe6 22. Red1 a4 23. Qc2 Qd7 24. Rd3 Rfc8 25. Rc3 h6 26. Qd1 1/2-1/2

[Event "GER-ch49 V03 email"]
[Site "GER email"]
[Date "2017.04.03"]
[Round "?"]
[White "Reichelt, Holger"]
[Black "Osterburg, Klaus Juergen"]
[Result "1/2-1/2"]
[WhiteElo "2215"]
[BlackElo "2356"]
[PlyCount "116"]
[EventDate "2017.??.??"]
[EventType "tourn (corr)"]
[EventRounds "10"]
[EventCountry "GER"]
[SourceTitle "Corr 2020"]
[Source "ChessBase"]
[SourceDate "2019.09.30"]
[SourceVersion "1"]
[SourceVersionDate "2019.09.30"]
[SourceQuality "1"]

1. e4 e6 2. d4 d5 3. Nd2 Nf6 4. Bd3 c5 5. e5 Nfd7 6. c3 Nc6 7. Ne2 cxd4 8. cxd4 f6 9. Nf4 Nxd4 10. Qh5+ Ke7 11. exf6+ Nxf6 12. Ng6+ hxg6 13. Qxh8 Kf7 14. 0-0 e5 15. Nb3 Nxb3 16. axb3 Bf5 17. Bxf5 gxf5 18. Bg5 Bc5 19. Qh3 g6 20. Kh1 d4 21. g4 Qd5+ 22. f3 fxg4 23. Qg2 Nh7 24. Bh4 g3 25. Qxg3 d3 26. b4 Bb6 27. Rae1 Bd4 28. Qg4 d2 29. Re2 Be3 30. Qe4 d1Q 31. Rxd1 Qxd1+ 32. Re1 Qd7 33. Qxe3 Re8 34. Bg3 Qf5 35. Bxe5 g5 36. Qe4 Kg6 37. Qxf5+ Kxf5 38. Bc3 Rxe1+ 39. Bxe1 Nf6 40. Kg2 b5 41. Kg3 Nd5 42. Bd2 Ne7 43. Bc3 Ng6 44. Kf2 a6 45. Ke3 Nh4 46. Bd2 Ng6 47. Bc3 Nh4 48. Bd4 Ng2+ 49. Kf2 Nf4 50. Kf1 Nd3 51. Bc3 Nf4 52. Kf2 Nd5 53. Ke2 Nf4+ 54. Ke3 Ng2+ 55. Kf2 Nf4 56. Kf1 Ng6 57. Bd4 Nf4 58. Bg7 Nd3 1/2-1/2

[Event "GER-ch49 V03 email"]
[Site "GER email"]
[Date "2017.04.03"]
[Round "?"]
[White "Schneider, Karl"]
[Black "Reichelt, Holger"]
[Result "1/2-1/2"]
[WhiteElo "2330"]
[BlackElo "2215"]
[PlyCount "67"]
[EventDate "2017.??.??"]
[EventType "tourn (corr)"]
[EventRounds "10"]
[EventCountry "GER"]
[SourceTitle "Corr 2020"]
[Source "ChessBase"]
[SourceDate "2019.09.30"]
[SourceVersion "1"]
[SourceVersionDate "2019.09.30"]
[SourceQuality "1"]

1. d4 Nf6 2. c4 e6 3. Nf3 d5 4. g3 Bb4+ 5. Bd2 Be7 6. Bg2 0-0 7. 0-0 c6 8. Na3 b6 9. Rc1 Ba6 10. b4 Ne4 11. Qb3 Bb7 12. Rfd1 a5 13. b5 Bxa3 14. Qxa3 dxc4 15. bxc6 Nxc6 16. Rxc4 b5 17. Rcc1 Qb6 18. Qe3 Nxd2 19. Nxd2 Nb4 20. a3 Bxg2 21. Kxg2 Nd5 22. Qd3 b4 23. Rc5 Qb7 24. f3 Nc3 25. Rc1 Qd7 26. Nc4 Na4 27. Re5 Rfc8 28. Rc2 Rab8 29. Nxa5 Rxc2 30. Qxc2 bxa3 31. Nc4 Rc8 32. Qb3 Qxd4 33. Qxa4 Qxc4 34. Qxa3 1/2-1/2